Statystyki dla Miasta które są/były w kalendarzu PŚ w skokach narciarskich

Kliknij tutaj aby rozwiązać quiz!

Ogólne statystyki

  • Ten quiz został rozwiązany 185 razy
  • Średni wynik to 21 z 59

Statystyki odpowiedzi

krajostatni sezonMiasto% Poprawnych
Polska2020/21Zakopane
93%
Polska2020/21Wisła
88%
Norwegia2020/21Oslo
81%
Słowenia2020/21Planica
78%
Austria2020/21Innsbruck
76%
Finlandia2020/21Lahti
76%
Japonia2020/21Sapporo
74%
Szwajcaria2020/21Engelberg
69%
Norwegia2020/21Vikersund
69%
Niemcy2020/21Willingen
64%
Włochy2019/20Predazzo
62%
Finlandia2020/21Ruka
60%
Rosja2020/21Niżny Tagił
59%
Niemcy2020/21Oberstdorf
59%
Rumunia2020/21Rasnov
59%
Norwegia2020/21Trondheim
58%
Niemcy2020/21Garmisch-Partenkirchen
56%
Czechy2012/13Harrachov
56%
Szwecja2013/14Falun
54%
Austria2020/21Bischofshofen
49%
Norwegia2020/21Lillehamer
46%
Finlandia2015/16Kuopio
45%
Czechy2014/15Liberec
43%
Niemcy2019/20Klingenthal
42%
Kazachstan2015/16Ałmaty
40%
Bośnia i Herc.1983/84Sarajewo
38%
Francja1994/95Courchevel
36%
Niemcy2020/21Titisee-Neustadt
36%
Korea Płd.2016/17Pjongczang
34%
Japonia2003/04Hakuba
32%
USA1990/91Lake Placid
32%
Austria2019/20Bad Mitterndorf
29%
USA1999/2000Iron Mountain
29%
Kanada2008/09Whistler
27%
Niemcy1998/99Oberhof
26%
USA2003/04Park City
26%
Włochy2008/09Pragelato
26%
Włochy1984/85Cortina d'Ampezzo
22%
USA1980/81Ironwood
22%
Francja1998/99Chamonix
19%
Kanada1993/94Thunder Bay
19%
Austria2007/08Villach
19%
Austria2000/01Ramsau
14%
Chiny2020/21Zhangjiakou
14%
Rosja2012/13Krasnaja Polana
10%
Szwajcaria1989/90Gstaad
7%
Austria1993/94Murau
7%
Szwecja1993/94Ornskoldsvik
7%
Niemcy1990/91Oberwiesenthal
5%
Francja1980/81Saint-Nizier
5%
Norwegia1988/89Baerum
4%
Szwecja1990/91Bollnas
4%
Włochy1987/88Gallio
4%
Szwecja1989/90Solleftea
4%
Norwegia1987/88Meldal
3%
Niemcy1992/93Ruhpolding
3%
Norwegia1989/90Raufoss
2%
Szwajcaria1991/92Saknt Moritz
1%
Słowacja1990/91Szczerbskie Jezioro
1%

Rozkład punktacji

Percentyl według liczby udzielonych odpowiedzi

Procent ludzi z każdym wynikiem

Twoja historia wyników

Nie rozwiązałeś tego quizu